Normal view
MARC view
Entry Topical Term
001 - CONTROL NUMBER
- control field: 851
003 - CONTROL NUMBER IDENTIFIER
- control field: BD-RjUL
005 - DATE AND TIME OF LATEST TRANSACTION
- control field: 20220120132204.0
008 - FIXED-LENGTH DATA ELEMENTS
- fixed length control field: 220120|| aca||aabn | a|a d
040 ## - CATALOGING SOURCE
- Original cataloging agency: BD-RjUL
- Transcribing agency: BD-RjUL
150 ## - HEADING--TOPICAL TERM
- Topical term or geographic name entry element: Islamic law
- General subdivision: Interpretation and construction
670 ## - SOURCE DATA FOUND
- Source citation: Work cat.: (BD-RjUL)79238: ʻAlwānī, Ṭāhā Jābir Fayyāḍ.;;طه جابر فياض 849, Uṣūl al-fiqh al-Islāmī ;; اصول الفقه الإسلامي:, 1995.